Statistics for Real Betis Balompié Current Squad

Click here to take the quiz!

General Stats

  • This quiz has been taken 6 times
    (3 since last reset)
  • The average score is 20 of 44

Answer Stats

#PostitionNationPlayer Name% Correct
7FWMoroccoAbde Ezzalzouli
100%
1GKChileClaudio Bravo
100%
6DFArgentinaGermán Pezzella
100%
5MFArgentinaGuido Rodríguez
100%
22MFSpainIsco
100%
8FWFranceNabil Fekir
100%
17MFSpainRodri Sánchez
100%
13GKPortugalRui Silva
100%
19DFGreeceSokratis Papastathopoulos
100%
20DFBrazilAbner Vinícius
67%
-FWSpainBorja Iglesias
67%
11FWDR CongoCédric Bakambu
67%
9FWArgentinaChimy Ávila
67%
2DFSpainHéctor Bellerín
67%
4MFUnited StatesJohnny Cardoso
67%
-CoachChileManuel Pellegrini
67%
15DFSpainMarc Bartra
67%
18MFSpainPablo Fornals
67%
14MFPortugalWilliam Carvalho
67%
12FWBrazilWillian José
67%
24FWSpainAitor Ruibal
33%
38FWSpainAsanne Diao
33%
28MFMoroccoChadi Riad
33%
30GKSpainFran Vieites
33%
-FWSpainJuanmi
33%
3DFSpainJuan Miranda
33%
21MFSpainMarc Roca
33%
32DFSenegalNobel Mendy
33%
-FWSpainRober González
33%
27MFSpainSergi Altimira
33%
33DFSpainXavi Pleguezuelo
33%
23DFSenegalYoussouf Sabaly
33%
-MFSpainÁlex Collado
0%
10FWSpainAyoze Pérez
0%
37MFSpainDani Pérez
0%
-DFSpainFélix Garreta
0%
50GKSpainGermán García
0%
39MFSpainGinés Sorroche
0%
31GKPortugalGuilherme Fernandes
0%
-DFSpainIsmael Sierra
0%
-FWSpainJuan Cruz
0%
42DFSpainPablo Busto
0%
40MFSpainQuique Fernández
0%
34DFSpainRicardo Visus
0%

Score Distribution

Percentile by Number Answered

Percent of People with Each Score

Your Score History

You have not taken this quiz since the last reset